| 000 | 01702nam a22003974a 4500 | ||
|---|---|---|---|
| 001 | ebr10023487 | ||
| 003 | CaPaEBR | ||
| 006 | m u | ||
| 007 | cr cn||||||||| | ||
| 008 | 020528s2002 ne a sb 101 0 eng | ||
| 010 | _z 2002074572 | ||
| 020 | _z158811242X (US) (hbk. : alk. paper) | ||
| 020 | _z9027251665 (Eur.) | ||
| 020 | _z1588112152 (US) (pbk. : alk. paper) | ||
| 020 | _z9027251622 (Eur.) | ||
| 040 |
_aCaPaEBR _cCaPaEBR |
||
| 035 | _a(OCoLC)70765113 | ||
| 050 | 1 | 4 |
_aQP363.3 _b.M57 2002eb |
| 082 | 0 | 4 |
_a153 _221 |
| 245 | 0 | 0 |
_aMirror neurons and the evolution of brain and language _h[electronic resource] / _cedited by Maxim I. Stamenov, Vittorio Gallese. |
| 260 |
_aAmsterdam ; _aPhiladelphia, Pa. : _bJohn Benjamins Pub., _cc2002. |
||
| 300 |
_avii, 390 p. : _bill. |
||
| 490 | 1 |
_aAdvances in consciousness research, _x1381-589X ; _v42 |
|
| 500 | _aSelected contributions to the symposium on "Mirror neurons and the evolution of brain and language" held on July 5-8, 2000 in Delmenhorst, Germany. | ||
| 504 | _aIncludes bibliographical references and indexes. | ||
| 533 |
_aElectronic reproduction. _bPalo Alto, Calif. : _cebrary, _d2013. _nAvailable via World Wide Web. _nAccess may be limited to ebrary affiliated libraries. |
||
| 650 | 0 | _aNeural circuitry. | |
| 650 | 0 |
_aBrain _xEvolution. |
|
| 650 | 0 | _aLanguage and languages. | |
| 655 | 7 |
_aElectronic books. _2local |
|
| 700 | 1 | _aStamenov, Maksim. | |
| 700 | 1 | _aGallese, Vittorio. | |
| 710 | 2 | _aebrary, Inc. | |
| 830 | 0 |
_aAdvances in consciousness research ; _vv. 42. |
|
| 856 | 4 | 0 |
_uhttp://site.ebrary.com/lib/rucke/Doc?id=10023487 _zAn electronic book accessible through the World Wide Web; click to view |
| 999 |
_c7818 _d7818 |
||